Statistics for How many different teams has this NBA player played for?

Click here to take the quiz!

General Stats

  • This quiz has been taken 16 times
  • The average score is 6 of 15

Answer Stats

QuestionAnswer% Correct
Lebron James3
93%
DeMar DeRozan3
73%
Jimmy Butler4
60%
Shaquille O'Neal6
60%
Ish Smith13
47%
Tony Parker2
47%
Scottie Pippen3
47%
Isaish Jamar Thomas (Modern Day Player)10
40%
John Wall3
40%
Charles Barkley3
27%
Blake Griffin4
27%
Rasheed Wallace6
27%
Markieff Morris8
27%
Marcus Morris6
0%
Demarcus Cousins7
0%

Score Distribution

Percentile by Number Answered

Percent of People with Each Score

Your Score History

You have not taken this quiz